The boy next door (Record no. 180169)

MARC details
000 -LEADER
fixed length control field 00249nam a2200097Ia 4500
082 ## - DEWEY DECIMAL CLASSIFICATION NUMBER
Classification number EF SABA
008 - FIXED-LENGTH DATA ELEMENTS--GENERAL INFORMATION
fixed length control field 210817s9999 xx 000 0 und d
100 ## - MAIN ENTRY--PERSONAL NAME
Personal name Sabatini, Irene London, 2010 - [c.2009]
245 #0 - TITLE STATEMENT
Title The boy next door
942 ## - ADDED ENTRY ELEMENTS
item type Books
Holdings
Withdrawn status Lost status Damaged status Not for loan Home library Current library Date acquired Cost, normal purchase price Total Checkouts Barcode Date last seen Price effective from item type
        Thistle Grove Thistle Grove 18.08.2021 120.00   3322810068713 18.08.2021 18.08.2021 Books